L'étranger / (Record no. 1)

MARC details
000 -LEADER
campo de control de longitud fija 02727cam a2200481 i 4500
001 - NÚMERO DE CONTROL
campo de control 22054906
003 - IDENTIFICADOR DE NÚMERO DE CONTROL
campo de control OSt
005 - FECHA Y HORA DE LA ÚLTIMA TRANSACCIÓN
campo de control 20250725121634.0
008 - DATOS DE LONGITUD FIJA--INFORMACIÓN GENERAL
campo de control de longitud fija 210526s2005 fr b 000 1 fre d
010 ## - NÚMERO DE CONTROL DE LA BIBLIOTECA DEL CONGRESO
Número de control de LC 2021395571
020 ## - NÚMERO INTERNACIONAL ESTÁNDAR DEL LIBRO
Número Internacional Estándar del Libro 9782070306022
Información calificativa (paperback)
020 ## - NÚMERO INTERNACIONAL ESTÁNDAR DEL LIBRO
Número Internacional Estándar del Libro 207030602X
Información calificativa (paperback)
035 ## - NÚMERO DE CONTROL DEL SISTEMA
Número de control de sistema (OCoLC)ocm61499252
040 ## - FUENTE DE CATALOGACIÓN
Centro catalogador/agencia de origen WEL
Lengua de catalogación eng
Normas de descripción rda
Centro/agencia transcriptor WEL
Centro/agencia modificador WEL
-- BAKER
-- NLGGC
-- YDXCP
-- OCLCG
-- IAY
-- FVC
-- UOI
-- OCLCQ
-- OCLCO
-- OCLCQ
-- YOU
-- ATSHR
-- OCLCF
-- OCLCO
-- OCL
-- OCLCO
-- NZHSD
-- OCLCA
-- HCO
-- OCLCA
-- CNCGM
-- L2U
-- DLC
042 ## - CÓDIGO DE AUTENTICACIÓN
Código de autenticación lccopycat
043 ## - CÓDIGO DE ÁREA GEOGRÁFICA
Código de área geográfica f-ae---
050 00 - SIGNATURA TOPOGRÁFICA DE LA BIBLIOTECA DEL CONGRESO
Número de clasificación PQ2605.A3734
Número de ítem E8 2005
082 04 - NÚMERO DE LA CLASIFICACIÓN DECIMAL DEWEY
Número de clasificación 848.91409
100 1# - ENTRADA PRINCIPAL--NOMBRE DE PERSONA
Nombre de persona Camus, Albert,
Fechas asociadas al nombre 1913-1960.
245 12 - MENCIÓN DEL TÍTULO
Título L'étranger /
Mención de responsabilidad, etc. Albert Camus ; dossier réalisé par Mériam Korichi ; lecture d'image par Agnès Verlet.
264 #1 - PRODUCCIÓN, PUBLICACIÓN, DISTRIBUCIÓN, FABRICACIÓN Y COPYRIGHT
Producción, publicación, distribución, fabricación y copyright [Paris] :
Nombre del de productor, editor, distribuidor, fabricante Gallimard,
Fecha de producción, publicación, distribución, fabricación o copyright [2005]
300 ## - DESCRIPCIÓN FÍSICA
Extensión 204 pages ;
Dimensiones 18 cm.
336 ## - TIPO DE CONTENIDO
Término de tipo de contenido text
Código de tipo de contenido txt
Fuente rdacontent
337 ## - TIPO DE MEDIO
Nombre/término del tipo de medio unmediated
Código del tipo de medio n
Fuente rdamedia
338 ## - TIPO DE SOPORTE
Nombre/término del tipo de soporte volume
Código del tipo de soporte nc
Fuente rdacarrier
490 1# - MENCIÓN DE SERIE
Mención de serie Folioplus classiques ;
Designación de volumen o secuencia 40
500 ## - NOTA GENERAL
Nota general A young Algerian, Meursault, afflicted with a sort of aimless inertia, becomes embroiled in the petty intrigues of a local pimp and, somewhat inexplicably, ends up killing a man. Once he's imprisoned and eventually brought to trial, his crime, it becomes apparent, is not so much the arguably defensible murder he has committed as it is his deficient character. In the story of an ordinary man who unwittingly gets drawn into a senseless murder on a sun-drenched Algerian beach.
504 ## - NOTA DE BIBLIOGRAFÍA, ETC.
Nota de bibliografía, etc. Nota Includes bibliographical references.
505 0# - NOTA DE CONTENIDO CON FORMATO
Título L'Étranger --
-- Première partie --
-- Deuxième partie --
-- Table des chapitres --
-- Dossier --
-- Du tableau au texte Analyse de Conference at night d'Edward Hopper (1949) --
-- Le texte en perspective Mouvement littéraire : La littérature engagée --
-- Genre et registre : "Un court roman de moraliste" --
-- L'écrivain à sa table de travail : Un classicisme "instinctif" --
-- Groupement de textes : Personnages insoumis --
-- Chronologie : Albert Camus et son temps --
-- Éléments pour une fiche de lecture.
546 ## - NOTA DE IDIOMA
Nota de lengua/lenguaje In French
600 10 - PUNTO DE ACCESO ADICIONAL DE MATERIA--NOMBRE DE PERSONA
Nombre de persona Camus, Albert,
Fechas asociadas al nombre 1913-1960.
Título de la obra Étranger.
650 #0 - PUNTO DE ACCESO ADICIONAL DE MATERIA--TÉRMINO DE MATERIA
Término de materia o nombre geográfico como elemento de entrada Murder
Subdivisión de forma Fiction.
650 #0 - PUNTO DE ACCESO ADICIONAL DE MATERIA--TÉRMINO DE MATERIA
Término de materia o nombre geográfico como elemento de entrada Murder in literature.
651 #0 - PUNTO DE ACCESO ADICIONAL DE MATERIA--NOMBRE GEOGRÁFICO
Nombre geográfico Algeria
Subdivisión de forma Fiction.
651 #0 - PUNTO DE ACCESO ADICIONAL DE MATERIA--NOMBRE GEOGRÁFICO
Nombre geográfico Algeria
Subdivisión general In literature.
700 1# - ENTRADA AGREGADA--NOMBRE PERSONAL
Nombre de persona Korichi, Mériam,
Término indicativo de función/relación contributor.
700 ## - ENTRADA AGREGADA--NOMBRE PERSONAL
Nombre de persona Nettel Suárez, Guadalupe
9 (RLIN) 1
700 1# - ENTRADA AGREGADA--NOMBRE PERSONAL
Nombre de persona Verlet, Agnès,
Término indicativo de función/relación contributor.
830 #0 - PUNTO DE ACCESO ADICIONAL DE SERIE-TÍTULO UNIFORME
Título uniforme Folioplus classiques ;
Designación de volumen o secuencia 40.
906 ## - ELEMENTOS DE DATOS F LOCAL, LDF (RLIN)
a 7
b cbc
c copycat
d 3
e ncip
f 20
g y-gencatlg
942 ## - ELEMENTOS DE ENTRADA SECUNDARIOS (KOHA)
Fuente de la clasificación o esquema de estantería Clasificación Decimal Dewey
Tipo de ítem Koha Libros
Suprimir en OPAC No

No items available.